00627nam a2200229Ia 4500003000400000005001700004008004100021020001500062040001800077041000800095082001800103100001800121245004500139250001200184260004300196300002200239650002900261650002800290650002500318650003100343650002300374OSt20250910155932.0210716s1993 xx 000 0 und d a817029729X cAIMIT LIBRARY aeng a005.746bNELM aNelson, Mark. aData compression book /cBy Mark Nelson. a1st ed. aNew Delhi :bBPB Publications ,c1993. a527p.;bPBc24cm. aData compression lexicon aSignificant improvement aStatistical modeling aSliding window compression aSpeech compression